[Event "POL-ch U18 Girls"]
[Site "Leba"]
[Date "2004.03.31"]
[Round "6"]
[White "Tabola, Marta"]
[Black "Hoffmann, Paulina"]
[Result "1-0"]
[WhiteElo "1800"]
[BlackElo "1800"]
[PlyCount "99"]
[EventDate "2004.03.27"]
[EventType "swiss"]
[EventRounds "11"]
[EventCountry "POL"]
[SourceTitle "EXT 2005"]
[Source "ChessBase"]
[SourceDate "2004.11.15"]
[SourceVersion "1"]
[SourceVersionDate "2004.11.15"]
[SourceQuality "1"]

1. e4 c5 2. Nc3 e6 3. g3 a6 4. Bg2 Qc7 5. d3 g6 6. Be3 Nc6 7. f4 Be7 8. Nf3 d6 9. 0-0 Bf6 10. d4 cxd4 11. Nxd4 Nge7 12. Kh1 Bg7 13. Qd2 Bd7 14. Rad1 Rd8 15. Qf2 Nc8 16. f5 0-0 17. f6 Bh8 18. Nde2 Ne5 19. h3 Nc4 20. Bc1 b5 21. b3 N4b6 22. Bh6 Rfe8 23. Rd2 Bc6 24. Qf4 Nd7 25. Bg5 Ne5 26. Nd4 Bb7 27. Nce2 Nd7 28. Nf3 Nc5 29. Nc3 b4 30. Nd1 Nxe4 31. Re2 Nxg5 32. Nxg5 Bxg2+ 33. Rxg2 h6 34. Ne4 Kh7 35. Ne3 Rg8 36. h4 e5 37. Ng5+ hxg5 38. hxg5 Rg7 39. Qh4+ Kg8 40. Rh2 Kf8 41. fxg7+ Bxg7 42. Rhf2 Rd7 43. Qxb4 Qb6 44. Qc3 Qb7+ 45. Kg1 Nb6 46. Ng4 Rc7 47. Qd3 Kg8 48. Qxd6 Rc3 49. Qd8+ Kh7 50. Rh2+ 1-0

[Event "POL-ch U18 Girls"]
[Site "Leba"]
[Date "2004.03.28"]
[Round "2"]
[White "Domagala, Hanna"]
[Black "Hoffmann, Paulina"]
[Result "1-0"]
[WhiteElo "1948"]
[BlackElo "1800"]
[PlyCount "105"]
[EventDate "2004.03.27"]
[EventType "swiss"]
[EventRounds "11"]
[EventCountry "POL"]
[SourceTitle "EXT 2005"]
[Source "ChessBase"]
[SourceDate "2004.11.15"]
[SourceVersion "1"]
[SourceVersionDate "2004.11.15"]
[SourceQuality "1"]

1. e4 c5 2. c3 d5 3. exd5 Qxd5 4. Nf3 Bg4 5. Be2 Nc6 6. d4 cxd4 7. cxd4 Rd8 8. Nc3 Qd7 9. d5 Bxf3 10. gxf3 Qf5 11. Qa4 Rxd5 12. Nxd5 Qxd5 13. Qb5 Qd7 14. Be3 a6 15. Qd3 Qxd3 16. Bxd3 e6 17. a3 g6 18. Rc1 Bg7 19. Rc2 Nge7 20. 0-0 0-0 21. Rd1 Rd8 22. Bb6 Rd5 23. Rcd2 Rg5+ 24. Kh1 Be5 25. Be3 Rh5 26. f4 Bb8 27. Be4 Rh4 28. Bxc6 Nxc6 29. Rd7 Bxf4 30. Bxf4 Rxf4 31. R1d2 b5 32. Rc7 Rc4 33. b3 Rd4 34. Rxd4 Nxd4 35. b4 Kf8 36. Kg2 h6 37. f3 Kg7 38. Kf2 Kf6 39. Ke3 e5 40. Ra7 Nc2+ 41. Ke4 Kg5 42. Rxa6 f6 43. Ra5 h5 44. Rxb5 Nxa3 45. Rc5 Kh4 46. Rc6 Kg5 47. Rc5 Kh4 48. b5 Nxb5 49. Rxb5 g5 50. Kf5 g4 51. fxg4 hxg4 52. Rb4 Kh3 53. Rxg4 1-0